000
00308nam a22001457a 4500
003
SGT
082
_a
617.96, H14M
100
_a
MALAMED, STANLEY F.
245
_a
HB. OF LOCAL ANESTHESIA
250
_a
6TH
260
_a
INDIA
_b
JAYPEE
_c
2014
300
_a
409
650
_a
ANESTHESIA
942
_2
ddc
_c
BK
_0
2
999
_c
9070
_d
9070